पशु संसार / (Record no. 204145)

MARC details
000 -LEADER
fixed length control field 01202nam a22002537a 4500
005 - DATE AND TIME OF LATEST TRANSACTION
control field 20240716132357.0
010 ## - LCCN (DPL NO)
LC control number B-760040
020 ## - INTERNATIONAL STANDARD BOOK NUMBER
International Standard Book Number 9789384699642
Terms of availability 100.00
035 ## - SYSTEM CONTROL NUMBER
System control number B-760040
037 ## - SOURCE OF ACQUISITION
Source of stock number/acquisition उपहार
082 ## - DEWEY DECIMAL CLASSIFICATION NUMBER
Classification number 591
100 ## - MAIN ENTRY--PERSONAL NAME
Personal name डेविड, कर्नल.ए.
245 ## - TITLE STATEMENT
Title पशु संसार /
Statement of responsibility, etc कर्नल.ए. डैविड और शिव कुमारःसुमन वाजपेयी द्वारा अनुवाद
246 ## - VARYING FORM OF TITLE
Title proper/short title
260 ## - PUBLICATION, DISTRIBUTION, ETC. (IMPRINT)
Place of publication, distribution, etc नई दिल्ली
Name of publisher, distributor, etc चिल्ड्रन्स बुक ट्रस्ट
Date of publication, distribution, etc 2018)
270 ## - ADDRESS
Address नेहरू हाउस ,4 बहादुरशाह जफर मार्ग
City दिल्ली
Postal code 110002
Telephone number 23316970-74
Fax number 23721090
Electronic mail address cbtnd@vsnl.com
300 ## - PHYSICAL DESCRIPTION
Extent 80पृ
Other physical details सचित्र
Dimensions 24सेमी (सजिल्द)
650 ## - SUBJECT ADDED ENTRY--TOPICAL TERM
Topical term or geographic name as entry element
650 ## - SUBJECT ADDED ENTRY--TOPICAL TERM
Topical term or geographic name as entry element
700 ## - ADDED ENTRY--PERSONAL NAME
Personal name शिव कुमार
9 (RLIN) 68480
700 ## - ADDED ENTRY--PERSONAL NAME
Personal name सुमन वाजपेयी
9 (RLIN) 68481
942 ## - ADDED ENTRY ELEMENTS (KOHA)
Institution code [OBSOLETE] dpl
Item type Children Books
Call number prefix
Source of classification or shelving scheme Dewey Decimal Classification
Classification part 591
Call number suffix डेविड
Holdings
Withdrawn status Lost status Not for loan Collection code Home library Current library Date acquired Source of acquisition Cost, normal purchase price Full call number Barcode Copy number Cost, replacement price Koha item type Public note
      Non-fiction Shahdara Branch Shahdara Branch 16/07/2024 उपहार/08.07.2024 100.00 591 डेविड B-760040 1 100.00 Children Books उपहार

© Delhi Public Library
Hit Counter
free hit counter